[Event "BEL-chT 1415"]
[Site "Belgium"]
[Date "2014.11.30"]
[Round "5.8"]
[White "Ducarmon, Renzo"]
[Black "Kern, Guido"]
[Result "0-1"]
[WhiteElo "2086"]
[BlackElo "2340"]
[PlyCount "72"]
[EventDate "2014.09.28"]
[EventType "team-swiss"]
[EventRounds "11"]
[EventCountry "BEL"]
[SourceTitle "EXT 2016"]
[Source "ChessBase"]
[SourceDate "2015.10.08"]
[SourceVersion "1"]
[SourceVersionDate "2015.10.08"]
[SourceQuality "1"]
[WhiteTeam "KGSRL"]
[BlackTeam "Eynatten"]
[WhiteTeamCountry "BEL"]
[BlackTeamCountry "BEL"]

1. e4 e6 2. d4 d5 3. Nd2 c5 4. Ngf3 Nc6 5. c3 cxd4 6. cxd4 dxe4 7. Nxe4 Nf6 8. Nxf6+ Qxf6 9. Bb5 Bb4+ 10. Bd2 Bxd2+ 11. Qxd2 Bd7 12. 0-0 0-0 13. Ne5 Rfd8 14. Nxd7 Rxd7 15. Bxc6 bxc6 16. Qc3 Rd6 17. Rad1 Rad8 18. b3 Qf5 19. Rc1 h5 20. h3 g6 21. Qc5 Qxc5 22. Rxc5 Rxd4 23. Rxc6 Rd2 24. Ra6 R8d7 25. b4 Rb2 26. a3 Kg7 27. Re1 h4 28. Ra5 f6 29. b5 e5 30. a4 g5 31. Ra6 Kg6 32. Rf1 e4 33. Ra5 Rdd2 34. Re1 Rxf2 35. Rxa7 Rxg2+ 36. Kh1 g4 0-1

[Event "Oberliga NRW 1415"]
[Site "Germany"]
[Date "2014.11.16"]
[Round "3.3"]
[White "Kern, Guido"]
[Black "De Gleria, Francesco"]
[Result "0-1"]
[WhiteElo "2295"]
[BlackElo "2347"]
[PlyCount "150"]
[EventDate "2014.09.14"]
[EventType "team-tourn"]
[EventRounds "9"]
[EventCountry "GER"]
[SourceTitle "EXT 2017"]
[Source "ChessBase"]
[SourceDate "2016.10.25"]
[SourceVersion "1"]
[SourceVersionDate "2016.10.25"]
[SourceQuality "1"]
[WhiteTeam "Dinslaken"]
[BlackTeam "Duesseldorf"]
[WhiteTeamCountry "GER"]
[BlackTeamCountry "GER"]

1. Nf3 Nf6 2. c4 g6 3. Nc3 Bg7 4. e4 d6 5. d4 0-0 6. h3 c5 7. d5 e6 8. Bd3 exd5 9. exd5 Re8+ 10. Be3 Bh6 11. 0-0 Bxe3 12. fxe3 Qe7 13. e4 Nbd7 14. Qd2 Ne5 15. Nxe5 Qxe5 16. Qf2 Kg7 17. Nb5 Re7 18. Qf4 Ne8 19. Qxe5+ Rxe5 20. Rf2 Bd7 21. Nc3 Rb8 22. a3 b6 23. b4 Rb7 24. Raf1 Bc8 25. Bc2 Rbe7 26. Ba4 Bd7 27. Bxd7 Rxd7 28. b5 Rde7 29. a4 Nc7 30. g4 h5 31. Kg2 h4 32. Rf4 Ne8 33. R1f2 Nc7 34. Kf1 Ne8 35. Ke2 Kg8 36. Kd3 Ng7 37. Rg2 Rg5 38. Rgf2 Rge5 39. a5 bxa5 40. Ra2 Rg5 41. Rxa5 f5 42. Ra6 fxg4 43. hxg4 Ne8 44. Ke3 Rge5 45. Kf2 Kg7 46. Kg2 Kh6 47. Kf3 Kg5 48. Rf8 Rh7 49. Nd1 h3 50. Nf2 h2 51. Ra1 Nf6 52. Rh1 Nxg4 53. Nxg4 Rh3+ 54. Kg2 Kxg4 55. Rxh2 Rxh2+ 56. Kxh2 Rxe4 57. Rf6 g5 58. Rxd6 Rxc4 59. Ra6 Rc2+ 60. Kg1 c4 61. Rxa7 c3 62. Rc7 Kf3 63. b6 g4 64. Rf7+ Kg3 65. Rf1 Rg2+ 66. Kh1 Rh2+ 67. Kg1 Rb2 68. d6 Rxb6 69. d7 Rd6 70. Re1 Kh3 71. Kf1 Rxd7 72. Re3+ g3 73. Rxc3 Kh2 74. Rc8 g2+ 75. Ke2 Rh7 0-1

[Event "Bayern-chI Bank Hofmann 18th"]
[Site "Bad Wiessee"]
[Date "2014.10.26"]
[Round "3"]
[White "Melkumyan, Hrant"]
[Black "Kern, Guido"]
[Result "1-0"]
[WhiteElo "2678"]
[BlackElo "2340"]
[PlyCount "69"]
[EventDate "2014.10.25"]
[EventType "swiss"]
[EventRounds "9"]
[EventCountry "GER"]
[SourceTitle "EXT 2015"]
[Source "ChessBase"]
[SourceDate "2014.11.20"]
[SourceVersion "1"]
[SourceVersionDate "2014.11.20"]
[SourceQuality "1"]

1. Nf3 Nf6 2. c4 e6 3. g3 d5 4. d4 Bb4+ 5. Nc3 0-0 6. Bg2 c5 7. cxd5 Nxd5 8. Bd2 Nc6 9. Nxd5 Qxd5 10. Bxb4 Nxb4 11. 0-0 cxd4 12. Nxd4 Qa5 13. a3 Nd5 14. Qb3 Rd8 15. Rfc1 Bd7 16. Bxd5 Qxd5 17. Qxd5 exd5 18. Rc7 Rab8 19. Rac1 Kf8 20. R1c3 Be8 21. R3c5 a6 22. f3 b6 23. Rc3 Rd7 24. Kf2 Rd6 25. Ra7 a5 26. g4 Rbd8 27. h4 R6d7 28. Rcc7 Rxc7 29. Rxc7 Rd6 30. Rc8 g6 31. Nb5 Re6 32. Nc7 Re5 33. Rd8 d4 34. g5 Re7 35. Rc8 1-0

[Event "BEL-chT 1314"]
[Site "Belgium"]
[Date "2014.02.09"]
[Round "9.8"]
[White "Verlinde, Tieme"]
[Black "Kern, Guido"]
[Result "0-1"]
[WhiteElo "2243"]
[BlackElo "2331"]
[PlyCount "108"]
[EventDate "2013.09.22"]
[EventType "team-tourn"]
[EventRounds "11"]
[EventCountry "BEL"]
[SourceTitle "EXT 2015"]
[Source "ChessBase"]
[SourceDate "2014.11.20"]
[SourceVersion "1"]
[SourceVersionDate "2014.11.20"]
[SourceQuality "1"]
[WhiteTeam "KBSK Brugge"]
[BlackTeam "Eynatten"]
[WhiteTeamCountry "BEL"]
[BlackTeamCountry "BEL"]

1. e4 e6 2. d3 d5 3. Nd2 Nf6 4. Ngf3 b6 5. c3 c5 6. Be2 Qc7 7. 0-0 Nc6 8. Re1 Bd6 9. Qa4 0-0 10. Nf1 h6 11. Ng3 Bd7 12. Qc2 Rfe8 13. b3 a5 14. a3 Rac8 15. Bf1 d4 16. c4 e5 17. a4 Bf8 18. Bd2 g6 19. Qc1 Kh7 20. Nh4 Qd8 21. Nh1 Bg7 22. g3 Be6 23. Ng2 Nd7 24. f4 f5 25. Nf2 Nf6 26. exf5 Bxf5 27. Nh4 Bd7 28. Bg2 exf4 29. Rxe8 Qxe8 30. Bxf4 g5 31. Bxg5 hxg5 32. Qxg5 Qe5 33. Qg6+ Kg8 34. Ne4 Ne7 35. Nxf6+ Qxf6 36. Qh5 Qh6 37. Bd5+ Nxd5 38. Qxd5+ Be6 39. Qd6 Qe3+ 40. Kh1 Bf8 41. Qxb6 Bd7 42. Qg6+ Bg7 43. Rf1 Bc6+ 44. Ng2 Qe2 45. Rg1 Ba8 46. h4 Rf8 47. Qa6 Qxd3 48. Kh2 Bxg2 49. Rxg2 Qe3 50. Qd6 Qe5 51. Qd7 Kh7 52. Qg4 Rf1 53. h5 Qf5 54. Qh4 Bf6 0-1

[Event "Oberliga NRW 1314"]
[Site "Germany"]
[Date "2013.12.08"]
[Round "4.3"]
[White "Helbig, Mark"]
[Black "Kern, Guido"]
[Result "1/2-1/2"]
[WhiteElo "2242"]
[BlackElo "2259"]
[PlyCount "48"]
[EventDate "2013.09.15"]
[EventType "team-tourn"]
[EventRounds "9"]
[EventCountry "GER"]
[SourceTitle "EXT 2015"]
[Source "ChessBase"]
[SourceDate "2014.11.20"]
[SourceVersion "1"]
[SourceVersionDate "2014.11.20"]
[SourceQuality "1"]
[WhiteTeam "Koeln SF"]
[BlackTeam "Dinslaken"]
[WhiteTeamCountry "GER"]
[BlackTeamCountry "GER"]

1. d4 e6 2. Nf3 c5 3. e4 cxd4 4. Nxd4 Nf6 5. Nc3 Nc6 6. Nxc6 bxc6 7. Bd3 e5 8. 0-0 d6 9. Kh1 Be7 10. Qe2 0-0 11. b3 Be6 12. Bb2 Nd7 13. Rad1 Qc7 14. Bc4 Nb6 15. Bd3 f6 16. f4 exf4 17. Rxf4 Bf7 18. Rdf1 Nd7 19. Bc4 Ne5 20. Bxf7+ Rxf7 21. Nd1 Ng6 22. R4f2 Bf8 23. Qc4 Re8 24. Nc3 Ne5 1/2-1/2

[Event "NRW Class1 1213"]
[Site "Germany"]
[Date "2012.10.21"]
[Round "2.3"]
[White "Goessling, Guido"]
[Black "Kern, Guido"]
[Result "1/2-1/2"]
[WhiteElo "2144"]
[BlackElo "2308"]
[PlyCount "102"]
[EventDate "2012.09.16"]
[EventType "team-tourn"]
[EventRounds "9"]
[EventCountry "GER"]
[SourceTitle "EXT 2017"]
[Source "ChessBase"]
[SourceDate "2016.10.25"]
[SourceVersion "1"]
[SourceVersionDate "2016.10.25"]
[SourceQuality "1"]
[WhiteTeam "Bielefeld"]
[BlackTeam "Dinslaken"]
[WhiteTeamCountry "GER"]
[BlackTeamCountry "GER"]

1. e4 e6 2. d4 d5 3. Nc3 Nf6 4. e5 Nfd7 5. f4 c5 6. Nf3 Nc6 7. Be3 Be7 8. Qd2 0-0 9. Be2 b6 10. 0-0 f5 11. dxc5 Nxc5 12. Rad1 Bb7 13. Nd4 Nxd4 14. Bxd4 Rc8 15. Qe3 Qc7 16. Rd2 Ba6 17. Bxa6 Nxa6 18. g4 Bb4 19. Rg2 Bxc3 20. Bxc3 Nc5 21. Bb4 Rf7 22. Bxc5 Qxc5 23. Qxc5 Rxc5 24. g5 Rfc7 25. c3 Ra5 26. a3 Ra4 27. Rf3 Re4 28. Kf2 a5 29. Rg1 Rcc4 30. b3 Rc7 31. h4 a4 32. Rb1 Rc6 33. h5 Kf8 34. Kg3 Ke8 35. Rd3 Kd7 36. c4 d4 37. bxa4 Kc7 38. Rb4 Rc5 39. Kf3 Ra5 40. Rdb3 Ra6 41. a5 Rxa5 42. Rxb6 Re3+ 43. Kf2 Rxb3 44. Rxb3 Ra4 45. Ke2 Rxc4 46. Kd3 Ra4 47. Rb4 Rxa3+ 48. Kxd4 Rf3 49. Kc5 Rc3+ 50. Kd4 Rf3 51. Kc5 Rc3+ 1/2-1/2

[Event "BEL-chT 1112"]
[Site "Belgium"]
[Date "2012.03.04"]
[Round "9.5"]
[White "Zozulia, Anna"]
[Black "Kern, Guido"]
[Result "1/2-1/2"]
[WhiteElo "2377"]
[BlackElo "2355"]
[PlyCount "104"]
[EventDate "2011.10.09"]
[EventType "team-tourn"]
[EventRounds "11"]
[EventCountry "BEL"]
[SourceTitle "EXT 2013"]
[Source "ChessBase"]
[SourceDate "2012.11.22"]
[SourceVersion "1"]
[SourceVersionDate "2012.11.22"]
[SourceQuality "1"]
[WhiteTeam "Bruges"]
[BlackTeam "Eynatten II"]
[WhiteTeamCountry "BEL"]
[BlackTeamCountry "BEL"]

1. d4 e6 2. e4 d5 3. Nd2 Nc6 4. Ngf3 Nf6 5. e5 Nd7 6. c3 f6 7. exf6 Qxf6 8. Be2 Bd6 9. Nf1 0-0 10. Ne3 Nb6 11. Ng4 Qf5 12. h3 e5 13. dxe5 Nxe5 14. Nfxe5 Bxe5 15. Bd3 Qe6 16. 0-0 Bf4 17. Bxf4 Rxf4 18. Qc2 g6 19. Rfe1 Qd6 20. Ne5 Nd7 21. Qe2 c6 22. Rad1 Nxe5 23. Qxe5 Qxe5 24. Rxe5 Bd7 25. c4 Re8 26. Rxe8+ Bxe8 27. cxd5 cxd5 28. Bc2 Bc6 29. g3 Rc4 30. Rd2 Kf7 31. f4 Ke6 32. Kf2 Rb4 33. b3 Kd6 34. Ke3 a5 35. a3 Rb5 36. g4 Rc5 37. Kd4 b5 38. f5 gxf5 39. gxf5 b4 40. f6 Rc3 41. Rf2 Be8 42. axb4 axb4 43. Bd3 Bf7 44. Ra2 Rc6 45. Bxh7 Ke6 46. Ra4 Kxf6 47. Rxb4 Be6 48. h4 Rc1 49. Rb6 Rd1+ 50. Kc5 Ke5 51. h5 d4 52. Rb4 Rc1+ 1/2-1/2

[Event "Latschach op 27th"]
[Site "Latschach"]
[Date "2011.08.17"]
[Round "6"]
[White "Kern, Guido"]
[Black "Schreiber, Ewald"]
[Result "1-0"]
[WhiteElo "2363"]
[BlackElo "2051"]
[PlyCount "75"]
[EventDate "2011.08.13"]
[EventType "swiss"]
[EventRounds "9"]
[EventCountry "AUT"]
[SourceTitle "CBM 143 Extra"]
[Source "ChessBase"]
[SourceDate "2011.08.29"]
[SourceVersion "1"]
[SourceVersionDate "2011.08.29"]
[SourceQuality "1"]

1. c4 Nf6 2. Nf3 c5 3. g3 g6 4. b3 Bg7 5. Bb2 0-0 6. Bg2 Nc6 7. 0-0 d6 8. d4 cxd4 9. Nxd4 Bd7 10. Qd2 Nxd4 11. Bxd4 Bc6 12. Nc3 Qa5 13. Rfd1 Qh5 14. f3 Qf5 15. e4 Qd7 16. Rac1 b6 17. Qe2 Qb7 18. b4 Rac8 19. b5 Bd7 20. e5 dxe5 21. Bxe5 Rcd8 22. f4 Qc8 23. Nd5 Rfe8 24. Bf3 Be6 25. Kg2 Rd7 26. a4 h5 27. Qb2 Qd8 28. Nc7 Rf8 29. Nxe6 fxe6 30. Qc2 Kf7 31. Bc6 Rxd1 32. Rxd1 Qc8 33. Qc3 Rd8 34. Rd4 Rxd4 35. Qxd4 a6 36. Qxb6 axb5 37. cxb5 Nd7 38. Qc7 1-0

[Event "Latschach op 27th"]
[Site "Latschach"]
[Date "2011.08.16"]
[Round "5"]
[White "Posch, Roland"]
[Black "Kern, Guido"]
[Result "1-0"]
[WhiteElo "2123"]
[BlackElo "2363"]
[PlyCount "87"]
[EventDate "2011.08.13"]
[EventType "swiss"]
[EventRounds "9"]
[EventCountry "AUT"]
[SourceTitle "CBM 143 Extra"]
[Source "ChessBase"]
[SourceDate "2011.08.29"]
[SourceVersion "1"]
[SourceVersionDate "2011.08.29"]
[SourceQuality "1"]

1. e4 e6 2. d3 d5 3. Nd2 Nf6 4. Ngf3 b6 5. e5 Nfd7 6. d4 c5 7. c3 Ba6 8. Bxa6 Nxa6 9. 0-0 Be7 10. Re1 Qc7 11. Qe2 Qb7 12. Nf1 Rc8 13. Ng3 0-0 14. Bf4 b5 15. dxc5 Naxc5 16. Nd4 b4 17. Qg4 Kh8 18. Ngf5 exf5 19. Nxf5 Ne6 20. Nxe7 Rc4 21. g3 Ndc5 22. Nf5 Nd3 23. Nd6 Qb6 24. Rf1 Rc6 25. Qf3 Nxb2 26. Be3 Qc7 27. cxb4 d4 28. Nb5 Qd7 29. Nxd4 Rc4 30. Nxe6 Qxe6 31. Bxa7 Rfc8 32. b5 Rc3 33. Qg2 Nc4 34. a4 Nxe5 35. b6 Nf3+ 36. Kh1 Qc6 37. a5 Re8 38. a6 Qa8 39. Rfc1 Qc6 40. Rd1 Qc5 41. Bb8 Ra3 42. a7 Rxa1 43. Rxa1 Qc3 44. a8Q 1-0

[Event "BEL-chT 1011"]
[Site "Belgium"]
[Date "2010.10.10"]
[Round "2.6"]
[White "Kern, Guido"]
[Black "Vandenbussche, Thibaut"]
[Result "1/2-1/2"]
[WhiteElo "2389"]
[BlackElo "2374"]
[PlyCount "78"]
[EventDate "2010.09.26"]
[EventType "team-tourn"]
[EventRounds "11"]
[EventCountry "BEL"]
[SourceTitle "EXT 2012"]
[Source "ChessBase"]
[SourceDate "2011.11.24"]
[SourceVersion "1"]
[SourceVersionDate "2011.11.24"]
[SourceQuality "1"]
[WhiteTeam "Eynatten"]
[BlackTeam "KGSRL"]
[WhiteTeamCountry "BEL"]
[BlackTeamCountry "BEL"]

1. Nf3 d6 2. d4 g6 3. g3 Bg7 4. Bg2 Nd7 5. e4 e5 6. 0-0 Ngf6 7. Nc3 0-0 8. Re1 c6 9. a4 Re8 10. dxe5 dxe5 11. Nd2 Qc7 12. Nc4 Bf8 13. Be3 Nb6 14. Nxb6 axb6 15. f3 Bc5 16. Qe2 Nd7 17. Bh3 Nf8 18. Bxc8 Rexc8 19. Nd1 Ne6 20. Bxc5 bxc5 21. Ne3 Nd4 22. Qf1 Rd8 23. Kg2 Rd6 24. Qc4 Rad8 25. Rad1 Qe7 26. Rf1 Qg5 27. Ng4 Nxc2 28. Rxd6 Rxd6 29. Qxc5 Rd2+ 30. Kh1 h5 31. Qxe5 Qxe5 32. Nxe5 Nd4 33. b4 g5 34. h3 Ne2 35. Rf2 Nxg3+ 36. Kg2 Ne2 37. Kf1 Ng3+ 38. Kg2 Ne2 39. Kf1 Ng3+ 1/2-1/2

[Event "BEL-chT 0910"]
[Site "Belgium"]
[Date "2009.11.29"]
[Round "5"]
[White "Veltkamp, Gerben"]
[Black "Kern, Guido"]
[Result "1-0"]
[WhiteElo "2183"]
[BlackElo "2373"]
[PlyCount "73"]
[EventDate "2009.09.27"]
[EventType "team-tourn"]
[EventRounds "11"]
[EventCountry "BEL"]
[SourceTitle "EXT 2011"]
[Source "ChessBase"]
[SourceDate "2010.11.26"]
[SourceVersion "1"]
[SourceVersionDate "2010.11.26"]
[SourceQuality "1"]
[WhiteTeam "Borgerhout"]
[BlackTeam "KSK47 Eynatten"]
[WhiteTeamCountry "BEL"]
[BlackTeamCountry "BEL"]

1. d4 e6 2. Nf3 f5 3. g3 Nf6 4. Bg2 d5 5. 0-0 Bd6 6. c4 c6 7. Ne5 0-0 8. Bf4 Ng4 9. cxd5 exd5 10. Nd3 Bxf4 11. gxf4 Qb6 12. e3 Be6 13. Nc3 Nd7 14. b4 Qd8 15. Qe2 Kh8 16. Rfc1 Nb6 17. b5 Qe7 18. h3 Nf6 19. Ne5 Rfc8 20. bxc6 bxc6 21. Qa6 c5 22. Nb5 Ne4 23. dxc5 Rxc5 24. Rxc5 Qxc5 25. Nd4 Bc8 26. Qe2 g6 27. Nb3 Qe7 28. Qb2 Kg8 29. Rc1 Be6 30. Rc6 Rc8 31. Nd4 Bd7 32. Rxc8+ Bxc8 33. Ndc6 Qc7 34. Qa3 Nc4 35. Qe7 Qb7 36. Bxe4 fxe4 37. Qf6 1-0

[Event "BEL-chT 0910"]
[Site "Belgium"]
[Date "2009.10.18"]
[Round "2"]
[White "Memeti, Kastriot"]
[Black "Kern, Guido"]
[Result "0-1"]
[WhiteElo "2193"]
[BlackElo "2373"]
[PlyCount "68"]
[EventDate "2009.09.27"]
[EventType "team-tourn"]
[EventRounds "11"]
[EventCountry "BEL"]
[SourceTitle "EXT 2011"]
[Source "ChessBase"]
[SourceDate "2010.11.26"]
[SourceVersion "1"]
[SourceVersionDate "2010.11.26"]
[SourceQuality "1"]
[WhiteTeam "Amay"]
[BlackTeam "KSK47 Eynatten"]
[WhiteTeamCountry "BEL"]
[BlackTeamCountry "BEL"]

1. d4 e6 2. Nf3 f5 3. Bf4 Nf6 4. e3 b6 5. Bd3 Bb7 6. Nbd2 Be7 7. h3 0-0 8. c3 Be4 9. Qc2 d5 10. g4 c5 11. gxf5 exf5 12. dxc5 bxc5 13. c4 Nc6 14. a3 Qa5 15. 0-0 Rfd8 16. cxd5 Bxd3 17. Qxd3 Rxd5 18. Qc4 Kh8 19. Rad1 Qd8 20. Ng5 Qg8 21. Qa6 h6 22. Ngf3 Qe8 23. Nc4 Rad8 24. Rxd5 Rxd5 25. Nfe5 Nxe5 26. Nxe5 Bd6 27. Nd3 Bf8 28. b4 cxb4 29. Nxb4 Rd2 30. Qxa7 Qg6+ 31. Kh2 Ne4 32. Qb8 Nxf2 33. Rg1 Nxh3+ 34. Kxh3 Qh5+ 0-1

[Event "BEL-chT 0809"]
[Site "Belgium"]
[Date "2009.02.02"]
[Round "8"]
[White "Kern, Guido"]
[Black "Verduyn, Frederic"]
[Result "1-0"]
[WhiteElo "2361"]
[BlackElo "2199"]
[PlyCount "74"]
[EventDate "2008.10.05"]
[EventType "team-tourn"]
[EventRounds "11"]
[EventCountry "BEL"]
[SourceTitle "EXT 2010"]
[Source "ChessBase"]
[SourceDate "2010.11.25"]
[SourceVersion "1"]
[SourceVersionDate "2010.11.25"]
[SourceQuality "1"]
[WhiteTeam "KSK47 Eynatten"]
[BlackTeam "KBSK Brugge"]
[WhiteTeamCountry "BEL"]
[BlackTeamCountry "BEL"]

1. Nf3 d6 2. d4 Bg4 3. c4 Nd7 4. g3 Bxf3 5. exf3 g6 6. Nc3 Bg7 7. Be3 Nh6 8. g4 f5 9. Qd2 Nf7 10. gxf5 gxf5 11. Rg1 Bf6 12. 0-0-0 c6 13. Qc2 Qa5 14. c5 e6 15. cxd6 0-0-0 16. Bc4 Rhe8 17. Bf4 Nb6 18. Bb3 Nxd6 19. Rge1 e5 20. dxe5 Bxe5 21. Bg5 Bxc3 22. Qxc3 Qxc3+ 23. bxc3 Rxe1 24. Rxe1 Rf8 25. Re7 Nd5 26. Rxh7 Nf7 27. f4 Nd8 28. Bxd5 cxd5 29. h4 Ne6 30. h5 Rg8 31. h6 a5 32. Re7 Nf8 33. h7 Rh8 34. Re8+ Kd7 35. Rxf8 Rxh7 36. Rxf5 Rh1+ 37. Kc2 Kc6 1-0

[Event "Dortmund op-A"]
[Site "Dortmund"]
[Date "2007.07.01"]
[Round "9"]
[White "Nalbandian, Tigran"]
[Black "Kern, Guido"]
[Result "1-0"]
[WhiteElo "2521"]
[BlackElo "2352"]
[PlyCount "115"]
[EventDate "2007.06.22"]
[EventType "swiss"]
[EventRounds "9"]
[EventCountry "GER"]
[SourceTitle "EXT 2008"]
[Source "ChessBase"]
[SourceDate "2007.11.25"]
[SourceVersion "1"]
[SourceVersionDate "2007.11.25"]
[SourceQuality "1"]

1. Nf3 c5 2. g3 g6 3. c3 Bg7 4. d4 cxd4 5. cxd4 d5 6. Bg2 Nc6 7. Nc3 e6 8. e4 dxe4 9. Nxe4 Nge7 10. 0-0 0-0 11. Bg5 h6 12. Bf6 Bxf6 13. Nxf6+ Kg7 14. Ne4 b6 15. Qd2 Bb7 16. Rfe1 Rc8 17. h4 Nf5 18. Rad1 Nd6 19. Nxd6 Qxd6 20. h5 Ne7 21. hxg6 Nxg6 22. Qe3 Bxf3 23. Bxf3 Qd8 24. d5 exd5 25. Rxd5 Qf6 26. Qd4 Qxd4 27. Rxd4 Rfd8 28. Rxd8 Rxd8 29. Re2 Kf6 30. Rc2 Ne5 31. Be2 Rd6 32. f4 Nc6 33. Bh5 Ke7 34. Kf2 f5 35. a3 a5 36. Ke3 Kd7 37. Bf7 Ne7 38. Bc4 Nd5+ 39. Kf3 Nf6 40. Bb5+ Ke6 41. Bc4+ Kd7 42. Re2 Ng4 43. Bb5+ Kd8 44. Re8+ Kc7 45. Re7+ Kd8 46. Rf7 Nf6 47. a4 Kc8 48. Ke3 Kd8 49. Bd3 Ke8 50. Rb7 Nd5+ 51. Ke2 Ne7 52. Bc4 Kf8 53. Rb8+ Kg7 54. Re8 Nd5 55. Re5 Nf6 56. Rxf5 Ne4 57. Re5 Nxg3+ 58. Kf3 1-0

[Event "Dortmund op-A"]
[Site "Dortmund"]
[Date "2007.06.28"]
[Round "6"]
[White "Kern, Guido"]
[Black "Schulze, Torben"]
[Result "1-0"]
[WhiteElo "2352"]
[BlackElo "2164"]
[PlyCount "188"]
[EventDate "2007.06.22"]
[EventType "swiss"]
[EventRounds "9"]
[EventCountry "GER"]
[SourceTitle "EXT 2008"]
[Source "ChessBase"]
[SourceDate "2007.11.25"]
[SourceVersion "1"]
[SourceVersionDate "2007.11.25"]
[SourceQuality "1"]

1. c4 e5 2. g3 Nc6 3. Nc3 f5 4. e3 Nf6 5. d4 Bb4 6. Bg2 0-0 7. Nge2 Bxc3+ 8. Nxc3 exd4 9. exd4 Re8+ 10. Be3 Ng4 11. 0-0 Rxe3 12. fxe3 Nxe3 13. Qd3 Nxf1 14. Rxf1 d6 15. g4 Ne7 16. gxf5 Bxf5 17. Rxf5 Nxf5 18. Qxf5 Qh4 19. Qf2 Qxf2+ 20. Kxf2 c6 21. b4 Kf8 22. Ke3 Re8+ 23. Kd3 Ke7 24. d5 cxd5 25. Nxd5+ Kd7 26. Bh3+ Kd8 27. Nf4 Re1 28. a4 Ra1 29. a5 b6 30. axb6 axb6 31. Bg4 Kc7 32. h3 g6 33. Ne6+ Kb8 34. Ng5 h6 35. Nf7 h5 36. Bf3 Ra3+ 37. Ke4 Kc7 38. Ng5 Ra4 39. Kd5 Rxb4 40. Ne6+ Kc8 41. Nd4 Rb2 42. Be4 g5 43. Bg6 g4 44. hxg4 hxg4 45. Bf5+ Kb7 46. Bxg4 Rd2 47. Ke4 Ka6 48. Bc8+ Ka7 49. Ke3 Rd1 50. Bg4 Rg1 51. Nb5+ Kb8 52. Bf5 Rg5 53. Ke4 Kb7 54. Nd4 Rg1 55. Bd7 Re1+ 56. Kd5 Rd1 57. Ba4 Rd2 58. Ke4 Rh2 59. Nf5 Rd2 60. Ke3 Ra2 61. Nxd6+ Kc7 62. Nb5+ Kb8 63. Bd1 Rh2 64. Bf3 Rh4 65. Be4 Rh8 66. Kd4 Rh4 67. Kd5 Rh5+ 68. Kd4 Rh4 69. Nc3 Rh5 70. Nd5 Ka7 71. Kc3 Ka6 72. Kb4 Re5 73. Bd3 Ka7 74. Kb5 Kb7 75. Bg6 Re2 76. Nc3 Rb2+ 77. Ka4 Rd2 78. Kb3 Rd6 79. Be4+ Kb8 80. Bd5 Rh6 81. Kb4 Rf6 82. Kb5 Rh6 83. Bc6 Ka7 84. Ne2 Rh5+ 85. Bd5 Rh6 86. Nc3 Rh3 87. Kb4 Rh6 88. Kb5 Rh5 89. Ne4 Rh6 90. Ng5 Rd6 91. Ne6 Kb8 92. Ka6 Kc8 93. Ka7 Kd7 94. Ka6 Kc8 1-0

[Event "Dortmund op-A"]
[Site "Dortmund"]
[Date "2007.06.26"]
[Round "4"]
[White "Kern, Guido"]
[Black "Kartsev, Soel"]
[Result "1-0"]
[WhiteElo "2352"]
[BlackElo "2230"]
[PlyCount "129"]
[EventDate "2007.06.22"]
[EventType "swiss"]
[EventRounds "9"]
[EventCountry "GER"]
[SourceTitle "EXT 2008"]
[Source "ChessBase"]
[SourceDate "2007.11.25"]
[SourceVersion "1"]
[SourceVersionDate "2007.11.25"]
[SourceQuality "1"]

1. Nf3 Nf6 2. c4 c5 3. g3 b6 4. Bg2 Bb7 5. 0-0 e6 6. Nc3 Be7 7. d4 cxd4 8. Qxd4 d6 9. Bg5 a6 10. Bxf6 Bxf6 11. Qf4 0-0 12. Rfd1 Be7 13. Ne4 e5 14. Qe3 Qc7 15. Nc3 Nd7 16. Nd2 Bxg2 17. Kxg2 Nf6 18. Rac1 Qb7+ 19. Nde4 Rac8 20. Qf3 Nxe4 21. Nxe4 Qd7 22. b3 f5 23. Nxd6 Bxd6 24. Qd5+ Rf7 25. Qxd6 Qc6+ 26. Qxc6 Rxc6 27. Rd8+ Rf8 28. Rcd1 Rxd8 29. Rxd8+ Kf7 30. Kf3 Ke7 31. Rd5 Kf6 32. h4 g6 33. Ke3 h6 34. f4 exf4+ 35. gxf4 a5 36. Kd3 Re6 37. a3 g5 38. hxg5+ hxg5 39. fxg5+ Kxg5 40. b4 axb4 41. axb4 Kf4 42. Rd4+ Ke5 43. e3 Rf6 44. Rd5+ Ke6 45. Kc3 Ke7 46. Kd4 f4 47. exf4 Rxf4+ 48. Kc3 Rf3+ 49. Rd3 Rf1 50. Kb3 Ra1 51. Rd5 Ra8 52. Rb5 Ra6 53. Rd5 Ra8 54. c5 bxc5 55. bxc5 Rb8+ 56. Kc4 Rb1 57. Rd2 Ke8 58. c6 Ke7 59. Kc5 Ke8 60. c7 Ke7 61. Kc6 Rc1+ 62. Kb7 Rb1+ 63. Kc8 Rh1 64. Rb2 Kd6 65. Kb8 1-0